Love Island 2016 - Statistics

General Stats
  • This quiz has been taken 449 times
  • The average score is 10 of 15
Answer Stats
Hint Answer % Correct
Who lost their Miss GB title Zara Holland
96%
Who did Tom couple up with on the first episode? Sophie Gradon
88%
Who did Kady up with when she arrived? Scott Thomas
85%
What's the name of Tom's ex who came into the villa Emma Woodhams
84%
Who did Rykard leave the villa for? Rachel Fenton
76%
What's Olivia's surname Buckland
75%
Winning girl's full name Cara De La Hoyde
73%
What girl did Sophie couple with? Katie Salmon
71%
Winning boy's full name Nathan Massey
71%
What theme was Cara's birthday party? Circus
67%
What Terry and Malin argued over in one evening Toastie
59%
What sport did Adam do? Wrestling
59%
Who was the first to leave the island? Javi Shepard
58%
What did Scott spell out in the towel for Kady? BE MY GF
52%
What did Terry and Emma do on their first date? Ride a bike
20%
No matching quizzes found
Score Distribution
Percent of People with Each Score
Percentile by Number Answered
Your Score History
You have not taken this quiz